Public relations writing: principles in practice. (Record no. 158932)
[ view plain ]
| 000 -LEADER | |
|---|---|
| fixed length control field | 00495nam a2200169Ia 4500 |
| 008 - FIXED-LENGTH DATA ELEMENTS--GENERAL INFORMATION | |
| fixed length control field | 210423s2005 xx 000 0 und d |
| 020 ## - INTERNATIONAL STANDARD BOOK NUMBER | |
| International Standard Book Number | 8178295369 |
| 041 ## - LANGUAGE CODE | |
| Language code of text/sound track or separate title | eng |
| 082 ## - DEWEY DECIMAL CLASSIFICATION NUMBER | |
| Classification number | 659.2 TRED |
| 100 ## - MAIN ENTRY--PERSONAL NAME | |
| Personal name | TREADWELL (Donald);TREADWELL (Jill B). |
| 245 ## - TITLE STATEMENT | |
| Title | Public relations writing: principles in practice. |
| 250 ## - EDITION STATEMENT | |
| Edition statement | 2 |
| 260 ## - PUBLICATION, DISTRIBUTION, ETC. | |
| Place of publication, distribution, etc. | New Delhi |
| Name of publisher, distributor, etc. | Response Books |
| Date of publication, distribution, etc. | 2005 |
| 300 ## - PHYSICAL DESCRIPTION | |
| Extent | xxv,517 |
| Other physical details | PB |
| 365 ## - TRADE PRICE | |
| Price amount | 675 |
| Currency code | INR |
| 906 ## - LOCAL DATA ELEMENT F, LDF (RLIN) | |
| a | practice. ; principles ; Public ; relations ; writing: |
| Withdrawn status | Lost status | Damaged status | Not for loan | Collection code | Home library | Current library | Date acquired | Source of acquisition | Cost, normal purchase price | Total Checkouts | Full call number | Barcode | Date last seen | Price effective from | Koha item type |
|---|---|---|---|---|---|---|---|---|---|---|---|---|---|---|---|
| MAJMC | St Aloysius PG Library | St Aloysius PG Library | 09/06/2010 | Southern Book Sellers | 675.00 | 659.2 TRED | PG005409 | 08/24/2022 | 04/26/2021 | Book |